Groupes de choses - Pays #3 - Statistiques

Statistiques générales
  • Ce quiz a été pris 3 546 fois
  • Le résultat moyen est 28 sur 44
Statistiques - réponses
Groupe Réponse % Correct
Pays de l'Union du Maghreb arabe Algérie
95%
Traversés par le méridien de Greenwich Algérie
95%
Pays traversés par le Danube Hongrie
95%
Pays commençant par H Hongrie
95%
Pays de l'Union du Maghreb arabe Maroc
95%
Pays de l'Union du Maghreb arabe Tunisie
92%
Pays de l'Union du Maghreb arabe Libye
82%
Traversés par le méridien de Greenwich Royaume-Uni
82%
Pays commençant par H Honduras
80%
Pays traversés par le Danube Autriche
78%
Pays traversés par le Danube Allemagne
77%
Traversés par le méridien de Greenwich France
77%
Pays de la Mer de Corail France (Nouvelle-Calédonie)
77%
Pays de la Corne de l'Afrique Somalie
77%
Pays de la Corne de l'Afrique Ethiopie
74%
Pays de la Mer de Corail Australie
73%
Pays traversés par le Danube Slovaquie
73%
Pays de la Corne de l'Afrique Erythrée
72%
Pays traversés par le Danube Roumanie
71%
Traversés par le méridien de Greenwich Espagne
69%
Pays de la Corne de l'Afrique Djibouti
68%
Pays de l'Union du Maghreb arabe Mauritanie
68%
Sur l'île de Bornéo Indonésie
66%
Pays traversés par le Danube Serbie
66%
Pays traversés par le Danube Bulgarie
65%
Traversés par le méridien de Greenwich Mali
65%
Pays traversés par le Danube Croatie
56%
Sur l'île de Bornéo Malaisie
56%
Pays de la Mer de Corail Papouasie-Nouvelle-Guinée
56%
Pays commençant par H Haïti
55%
Pays traversés par le Danube Ukraine
54%
Pays traversés par le Danube Moldavie
49%
Monarchies absolues actuelles Brunei
48%
Sur l'île de Bornéo Brunei
48%
Pays de la Mer de Corail Vanuatu
45%
Monarchies absolues actuelles Arabie Saoudite
42%
Pays de la Mer de Corail Salomon
41%
Traversés par le méridien de Greenwich Burkina-Faso
40%
Traversés par le méridien de Greenwich Ghana
37%
Traversés par le méridien de Greenwich Togo
37%
Monarchies absolues actuelles Qatar
31%
Monarchies absolues actuelles Oman
24%
Monarchies absolues actuelles Vatican
18%
Monarchies absolues actuelles Eswatini
11%
Aucun quiz correspondant
Distribution des résultats
% des personnes avec chaque résultat
Percentile par nombre de réponses
Votre historique - résultats
Vous n’avez pas pris ce quiz